LEADER 01948nam a2200361 a 4500 001 000000117231 003 CaOOAMICUS 005 20091001152125.0 008 091001s1521 it u001 u lat r 026 $ae-ia u-y-$btium tidi (3)$c1521 (R) 040 $aPUL$bita$dmdb 100 1 $aFlorus, Lucius Annius,$cstorico,$dsec. II.$0(OLS)http://pul/name/2214 240 10$aEpitome de Tito Livio$lLatino.$0(OLS)http://pul/title/147494 245 10$aLucii Flori Rerum ab Urbe condita. 246 30$aRerum ab Urbe condita 260 $e(Venetiis :$fin aedibus Aldi, et Andreae soceri,$gmense martio 1521) 300 $a67, [1] c. ;$c8° (16 cm) 500 $aSegnatura: aaaa-hhhh8 iiii4 500 $aIniziali bianche con lettere d'attesa 500 $aPrecede lettera di Francesco Asulano e Raimondo Turriano, patrizio veronese 600 14$aLivius, Titus,$d59 a.C.-17 d.C.$tEpitome Oxyrhynchia.$0(OLS)http://pul/subject/35724 662 $aItalia$dVenezia.$0(OLS)http://pul/subject/34951 710 0 $aManuzio, Aldo, eredi; Torresano, Andrea, eredi$4pbl.$0(OLS)http://pul/name/70693 777 0 $aFlorus, Lucius Annius, storico, sec. II.$tTiti Livii patavini librorum Epitomae.$w()117225 777 0 $aPolybius c. 205-c. 120 a.C.$tPolybii Historiarum libri quinque in latiam [sic] conversi linguam, Nicolao Perotto interprete.$w()117235 850 $aPUL 852 $aPUL$W1$xDP1 Antico 500$y12$m102 E 22 int.2$j134479$qStampati Antico$B133455$CPULBib$Z2$F133455 $82 900 $aFloro, Lucio Anneo,$cstorico,$dsec. II$92214 941 1 $a15 961 $aStato di conservazione: legatura da restaurare.L'opera è stata rilegata erroneamente: gli "Historiarum libri quinque" di Polibio precedono l'opera di Forio. 996 $6246$aRerum ab Urbe condita$9(OLS)http://pul/title/147503 996 $6245$aLucii Flori Rerum ab Urbe condita$9(OLS)http://pul/title/147502 996 $6260$a[S.l.] :$b[s.n.]$9(OLS)http://pul/publisher/0 LEADER 01317nam a2200289 a 4500 001 000000141540 003 CaOOAMICUS 005 20150202101348.0 008 150202s2013 it u000 u ita r 020 $a88-14-15474-0 040 $aPUL$bita 082 04$a340.11 100 1 $aRomano, Santi,$d1875-1947.$0(OLS)http://pul/name/8554 245 13$aL'"ultimo" Santi Romano. 260 $aMilano :$bGiuffrè,$c2013. 300 $a906 p. ;$c24 cm 504 $aBibliografia in nota. 505 1 $aContiene: L'ordinamento giuridico, 2. ed., 1946 ; Principi di diritto costituzionale generale, 2. ed., 1946 ; Frammenti di dizionario giuridico, 1947. - Segue: Nota bio-bibliografica, di Alberto Romano; Pubblicazioni di Santi Romano; Nota bibliografica su Santi Romano. 600 14$aRomano, Santi,$d1875-1947.$0(OLS)http://pul/subject/19167 850 $aPUL 852 $aPUL$W1$xSL Diritto e Scienze Sociali 3$y79$m340. 11 ROMSA 1$j163363$qDDC 21$B163275$CPULBib$Z2$F163275 $H125331 $82 941 1 $a9 996 $6020$a88-14-15474-0$9(OLS)http://pul/number/156840 996 $6082$a340.11$9(OLS)http://pul/classification/1908 996 $6245$aL'"ultimo" Santi Romano$9(OLS)http://pul/title/179128 996 $6260$aMilano :$bGiuffrè$9(OLS)http://pul/publisher/48401